000 00466nam a22001697a 4500
999 _c18048
_d18048
008 191123b xxu||||| |||| 00| 0 eng d
020 _a082647069
040 _aKABU
_cKABU
050 _aLB2840.2
_b.P37 2003 c. 1
100 _aPapworth, Michael
245 _aStress busting
_cMichael Papworth
260 _aLondon
_bContinuum
_c2003
300 _axi, 100 p.
650 _aTeachers
_xJob stress
650 _aStress management
942 _2lcc
_cBK
_hLB2840.2